| 000 | 00696nam a2200217 i 4500 | ||
|---|---|---|---|
| 001 | 185821 | ||
| 003 | ES-MaACL | ||
| 005 | 20230906222526.0 | ||
| 008 | 160812s1987 sp a |||| | spa d | ||
| 020 | _a84-7683-007-6 | ||
| 080 | _a72.036 | ||
| 100 | 1 |
_aFernández Alba, Antonio. _949442 |
|
| 245 | 1 | 0 |
_aEn las gradas de Epidauro _b: apuntes escritos de la arquitectura consagrada / _cAntonio Fernández Alba. |
| 260 |
_aMadrid : _bLibertarias, _c1987. |
||
| 300 |
_a189 p. : _bil. ; _c20 cm. |
||
| 490 | 1 |
_aEnsayo ; _v11 |
|
| 650 | 0 | 4 |
_aArquitectura- _yS.XX. _910007 |
| 830 | 0 |
_aEnsayo ; _v11 _9177699 |
|
| 852 |
_aES-MaACL _jL-30539 _z. - Donat. Miguel A. Velasco |
||
| 999 |
_c185821 _d185821 |
||